مكتبة جامعة عجلون الوطنية

فهرس بحث المكتبة

الشريفان الرضي محمد بن الحسين والملك الإمام عبدالله بن الحسين: دراسة أدبية مقارنة (Record no. 24409)

MARC details
000 -LEADER
fixed length control field 01020nam a2200217Ii 4500
003 - CONTROL NUMBER IDENTIFIER
control field JO-AjNU
008 - FIXED-LENGTH DATA ELEMENTS--GENERAL INFORMATION
fixed length control field 230605s9999||||xx |||||||||||||| ||und||
017 ## - COPYRIGHT OR LEGAL DEPOSIT NUMBER
Copyright or legal deposit number 1988/7/362
040 ## - CATALOGING SOURCE
Original cataloging agency JO-AjNU
Language of cataloging ara
Description conventions rda
Transcribing agency JO-AjNU
041 ## - LANGUAGE CODE
Language code of text/sound track or separate title ara
050 14 - LIBRARY OF CONGRESS CALL NUMBER
Classification number PJ7750.S5.Z59 1988
100 3# - MAIN ENTRY--PERSONAL NAME
Personal name تأليف الزبن، عدنان ساري ؛ م.مشارك عبد المجيد مهدي النسعة,
Relator term author
9 (RLIN) 47699
245 00 - TITLE STATEMENT
Title الشريفان الرضي محمد بن الحسين والملك الإمام عبدالله بن الحسين: دراسة أدبية مقارنة
264 31 - PRODUCTION, PUBLICATION, DISTRIBUTION, MANUFACTURE, AND COPYRIGHT NOTICE
Place of production, publication, distribution, manufacture عمان:وزارة الشباب،1988
300 ## - PHYSICAL DESCRIPTION
Extent 76ص
336 ## - CONTENT TYPE
Content type term text
Content type code txt
Source rdacontent
337 ## - MEDIA TYPE
Media type term unmediated
Media type code n
Source rdamedia
338 ## - CARRIER TYPE
Carrier type term volume
Carrier type code nc
Source rdacarrier
490 0# - SERIES STATEMENT
Series statement سلسلة التثقيف الشبابي(29) تصدرها وزارة الشباب في المملكة الأردنية الهاشمية
650 #4 - SUBJECT ADDED ENTRY--TOPICAL TERM
Topical term or geographic name entry element الشعر العربي - الأردن - تاريخ ونقد - القرن العشرين
9 (RLIN) 47700
Holdings
Withdrawn status Lost status Source of classification or shelving scheme Damaged status Not for loan Home library Current library Shelving location Date acquired Total Checkouts Full call number Barcode Date last seen Price effective from Koha item type
    Library of Congress Classification     مكتبة جامعة عجلون الوطنية مكتبة جامعة عجلون الوطنية المجموعات العامة 06/06/2023   PJ7750.S5.Z59 1988 A20841 06/06/2023 06/06/2023 Books